000
00329nam a2200145Ia 4500
008
150201s2009 xx 000 0 und d
082
_a
617.6
_b
C09V
100
_a
VARMA,BRR
245
_a
CLINICAL PERIODENTOLOGY
250
_a
2ND
260
_b
ARYA PUB.
_a
DELHI
_c
2009
300
_a
1-472
650
_a
DENTISTRY
942
_2
ddc
_c
BK
999
_c
399
_d
399